000 00735nam a22002297a 4500
005 20170124110033.0
010 _aA-456608
020 _c00.00
_a8185263647
035 _aA-456608
037 _bCen Lib/Ret
040 _adpl
_bEN
082 _a883.08
_bKEM
100 _aKemkar, K.K.
_922119
245 _aH.G.Wells as a novelist /
_cby K.K.Kemkar
260 _bPublication Scheme
_c1990
_aJaipur
270 _a57, Mishrarajaji Ka Rasta
_bJaipur
_e302 001
300 _avarious pagings.
_c20cm(Hb)
500 _aIncludes bibliography
650 _aWells, Herbert G.
_922120
650 _aWells, H. G. -- (Herbert George), -- 1866-1946 -- Criticism and interpretation.
_922121
942 _2ddc
_cEN
_h883.08
_mWEL
999 _c127996
_d127996